| 000 | 00894nam a2200301 a 4500 | ||
|---|---|---|---|
| 001 | 000002333 | ||
| 005 | 20260114124842.0 | ||
| 008 | 090701s2007 dr 001 0 spa d | ||
| 020 | _z9789993475192 | ||
| 040 |
_aDO-SdBNP _bspa _cBNPHU |
||
| 082 |
_a242.2 _bC569o |
||
| 245 | 0 | 0 |
_a100 oraciones milagrosas / _ccompilador Fiorani Elio. |
| 246 | 1 | 3 | _aCien oraciones milagrosa |
| 260 |
_aSanto Domingo : _bDogo, _c2007. |
||
| 300 |
_a135 p. ; _c18 cm. |
||
| 490 | 1 | _aCelestial | |
| 500 | _aIncluye índice | ||
| 500 | _aIncluye notas al pie de las paginas | ||
| 590 | _aInventariado, 2018/BT | ||
| 650 | 4 |
_aOración _9270 |
|
| 650 | 0 |
_aMeditaciones _95988 |
|
| 650 | 4 |
_aLiteratura religiosa _93200 |
|
| 650 | 4 |
_aLiteratura católica _97418 |
|
| 650 | 0 |
_aVida cristiana _9668 |
|
| 700 | 1 |
_aElio Fiorani, _ecomp. _97419 |
|
| 830 | 0 |
_aCelestial _97420 |
|
| 910 | _aJornada de catalogación | ||
| 999 |
_c2178 _d2178 |
||